000 00961cam a2200289 a 4500
001 5311
003 BD-RjUL
005 20211208234039.0
008 131224s1957 ii b 001 0 eng
020 _a8185029547 :
035 _a(BD-RjUL)
040 _aDLC
_cDLC
_dDLC
_beng
041 _aeng
082 0 0 _a346.54066
_a345.40666
_220
_bIYC 1957
100 2 _aSrinivasa Iyengar, T. R.
_916702
245 1 0 _aCompany promotion, management, and incorporation /
_cby T.R. Srinivasa Iyengar.
250 _a2nd ed.
260 _aAllahabad, U.P., India :
_bLaw Book Co.,
_c1957
300 _axliv, 245 p. ;
_c25 cm.
500 _aSpine title: Iyengar's company promotion, management, and incorporation.
504 _aIncludes bibliographical references and index.
650 0 _aCorporation law
_zIndia.
_912910
740 0 _aIyengar's company promotion, management, and incorporation.
942 _2ddc
_cBK
999 _c5311
_d5311